<?xml version="1.0" encoding="UTF-8"?>
<record
    xmlns:xsi="http://www.w3.org/2001/XMLSchema-instance"
    xsi:schemaLocation="http://www.loc.gov/MARC21/slim http://www.loc.gov/standards/marcxml/schema/MARC21slim.xsd"
    xmlns="http://www.loc.gov/MARC21/slim">

  <leader>01075nam2a2200277   4500</leader>
  <controlfield tag="001">RU\NLR\bibl\1263594</controlfield>
  <controlfield tag="005">20250615131958.0</controlfield>
  <datafield tag="010" ind1=" " ind2=" ">
    <subfield code="a">978-5-9942-0062-9</subfield>
    <subfield code="9">14050</subfield>
  </datafield>
  <datafield tag="021" ind1=" " ind2=" ">
    <subfield code="a">RU</subfield>
    <subfield code="b">2008-47186</subfield>
    <subfield code="9">2606</subfield>
  </datafield>
  <datafield tag="035" ind1=" " ind2=" ">
    <subfield code="a">(NLR Aleph) 001249560</subfield>
  </datafield>
  <datafield tag="090" ind1=" " ind2=" ">
    <subfield code="a">310307</subfield>
    <subfield code="c">310307</subfield>
  </datafield>
  <datafield tag="100" ind1=" " ind2=" ">
    <subfield code="a">20080820d2008    |||y0rusy50      ca</subfield>
  </datafield>
  <datafield tag="101" ind1="1" ind2=" ">
    <subfield code="a">rus</subfield>
    <subfield code="c">ger</subfield>
  </datafield>
  <datafield tag="102" ind1=" " ind2=" ">
    <subfield code="a">RU</subfield>
  </datafield>
  <datafield tag="105" ind1=" " ind2=" ">
    <subfield code="a">a   |||||||||</subfield>
  </datafield>
  <datafield tag="200" ind1="1" ind2=" ">
    <subfield code="a">[&#x41E;&#x442;&#x440;&#x44F;&#x434; &#x445;&#x438;&#x449;&#x43D;&#x44B;&#x435;]</subfield>
  </datafield>
  <datafield tag="210" ind1=" " ind2=" ">
    <subfield code="d">2008</subfield>
    <subfield code="a">&#x411;. &#x43C;.</subfield>
  </datafield>
  <datafield tag="215" ind1=" " ind2=" ">
    <subfield code="a">286, [1] &#x441;. , [4] &#x43B;. &#x446;&#x432;. &#x438;&#x43B;.</subfield>
    <subfield code="c">&#x438;&#x43B;.</subfield>
  </datafield>
  <datafield tag="461" ind1=" " ind2="0">
    <subfield code="1">001RU\NLR\bibl\1282278</subfield>
    <subfield code="1">2001#$a&#x416;&#x438;&#x437;&#x43D;&#x44C; &#x436;&#x438;&#x432;&#x43E;&#x442;&#x43D;&#x44B;&#x445;$v&#x422;. 3</subfield>
    <subfield code="9">421237</subfield>
    <subfield code="a">&#x411;&#x440;&#x435;&#x43C;, &#x410;. &#x42D;. (1829-1884)</subfield>
    <subfield code="c">&#x421;&#x430;&#x43D;&#x43A;&#x442;-&#x41F;&#x435;&#x442;&#x435;&#x440;&#x431;&#x443;&#x440;&#x433;</subfield>
    <subfield code="d">2008</subfield>
    <subfield code="f">&#x410;&#x43B;&#x44C;&#x444;&#x440;&#x435;&#x434; &#x411;&#x440;&#x435;&#x43C;</subfield>
    <subfield code="i">&#x41C;&#x43B;&#x435;&#x43A;&#x43E;&#x43F;&#x438;&#x442;&#x430;&#x44E;&#x449;&#x438;&#x435;</subfield>
    <subfield code="n">&#x41B;&#x435;&#x43D;&#x438;&#x43D;&#x433;&#x440;&#x430;&#x434;&#x441;&#x43A;&#x43E;&#x435; &#x438;&#x437;&#x434;-&#x432;&#x43E;</subfield>
    <subfield code="o">[&#x43F;&#x435;&#x440;&#x435;&#x432;&#x43E;&#x434; &#x441; &#x43D;&#x435;&#x43C;&#x435;&#x446;&#x43A;&#x43E;&#x433;&#x43E;]</subfield>
    <subfield code="t">&#x416;&#x438;&#x437;&#x43D;&#x44C; &#x436;&#x438;&#x432;&#x43E;&#x442;&#x43D;&#x44B;&#x445;</subfield>
    <subfield code="v">&#x422;. 3</subfield>
  </datafield>
  <datafield tag="606" ind1="1" ind2=" ">
    <subfield code="a">&#x425;&#x438;&#x449;&#x43D;&#x44B;&#x435; &#x43C;&#x43B;&#x435;&#x43A;&#x43E;&#x43F;&#x438;&#x442;&#x430;&#x44E;&#x449;&#x438;&#x435;</subfield>
    <subfield code="9">984895</subfield>
    <subfield code="3">RU\NLR\auth\6652990</subfield>
  </datafield>
  <datafield tag="686" ind1=" " ind2=" ">
    <subfield code="a">&#x415;693.363.7</subfield>
  </datafield>
  <datafield tag="801" ind1=" " ind2="0">
    <subfield code="a">RU</subfield>
    <subfield code="b">NLR</subfield>
    <subfield code="c">20080820</subfield>
    <subfield code="g">RCR</subfield>
  </datafield>
  <datafield tag="801" ind1=" " ind2="1">
    <subfield code="a">RU</subfield>
    <subfield code="b">NLR</subfield>
    <subfield code="c">20080820</subfield>
  </datafield>
  <datafield tag="942" ind1=" " ind2=" ">
    <subfield code="c">BOOK</subfield>
  </datafield>
  <datafield tag="980" ind1=" " ind2=" ">
    <subfield code="a">NB</subfield>
  </datafield>
  <datafield tag="995" ind1=" " ind2=" ">
    <subfield code="5">2008-08-20</subfield>
    <subfield code="a">ad</subfield>
    <subfield code="b">NLR01</subfield>
    <subfield code="c">NLR01</subfield>
    <subfield code="e">RF9</subfield>
    <subfield code="f">2736868</subfield>
    <subfield code="k">2008-5/5670</subfield>
    <subfield code="o">0</subfield>
    <subfield code="r">BOOK</subfield>
    <subfield code="s">200855670_</subfield>
  </datafield>
  <datafield tag="995" ind1=" " ind2=" ">
    <subfield code="5">2008-08-20</subfield>
    <subfield code="a">ad</subfield>
    <subfield code="b">NLR01</subfield>
    <subfield code="c">NLR01</subfield>
    <subfield code="e">RF9</subfield>
    <subfield code="f">2736869</subfield>
    <subfield code="k">2008-5/5670</subfield>
    <subfield code="o">0</subfield>
    <subfield code="r">BOOK</subfield>
    <subfield code="s">200855670_</subfield>
  </datafield>
</record>
